<?xml version="1.0" encoding="UTF-8"?>
<record
    xmlns:xsi="http://www.w3.org/2001/XMLSchema-instance"
    xsi:schemaLocation="http://www.loc.gov/MARC21/slim http://www.loc.gov/standards/marcxml/schema/MARC21slim.xsd"
    xmlns="http://www.loc.gov/MARC21/slim">

  <leader>00715nab a2200205 uc4500</leader>
  <controlfield tag="001">919743</controlfield>
  <controlfield tag="005">20240201200200.0</controlfield>
  <controlfield tag="008">050415e20040905                    spa  </controlfield>
  <datafield tag="035" ind1=" " ind2=" ">
    <subfield code="a">919743</subfield>
  </datafield>
  <datafield tag="035" ind1=" " ind2=" ">
    <subfield code="a">(OCoLC)820317150</subfield>
  </datafield>
  <datafield tag="040" ind1=" " ind2=" ">
    <subfield code="c">comduadb</subfield>
  </datafield>
  <datafield tag="041" ind1=" " ind2=" ">
    <subfield code="a">spa</subfield>
  </datafield>
  <datafield tag="100" ind1="1" ind2="0">
    <subfield code="a">Casanova Cardiel, Hugo</subfield>
    <subfield code="4">aut</subfield>
    <subfield code="e">aut</subfield>
    <subfield code="9">310184</subfield>
  </datafield>
  <datafield tag="245" ind1="1" ind2="0">
    <subfield code="a">Autonomia y gobierno universitario : la Universidad Nacional</subfield>
  </datafield>
  <datafield tag="650" ind1=" " ind2="7">
    <subfield code="a">Autonom&#xED;a universitaria</subfield>
    <subfield code="2">lemb</subfield>
    <subfield code="9">43642</subfield>
  </datafield>
  <datafield tag="650" ind1=" " ind2=" ">
    <subfield code="a">UNAM (Universidad Nacional Aut&#xF3;noma de M&#xE9;xico)</subfield>
    <subfield code="9">21516</subfield>
  </datafield>
  <datafield tag="650" ind1=" " ind2=" ">
    <subfield code="a">Universidad y Estado</subfield>
    <subfield code="9">177144</subfield>
  </datafield>
  <datafield tag="773" ind1="0" ind2=" ">
    <subfield code="t">Perfiles Educativos (M&#xE9;xico)</subfield>
    <subfield code="g">Vol. 26, No. 105-106, Sep.-Dic. 2004, p. 180-187</subfield>
    <subfield code="w">810262</subfield>
    <subfield code="x">0185-2698</subfield>
    <subfield code="0">286820</subfield>
  </datafield>
  <datafield tag="942" ind1=" " ind2=" ">
    <subfield code="c">ARIMP</subfield>
  </datafield>
  <datafield tag="999" ind1=" " ind2=" ">
    <subfield code="c">346316</subfield>
    <subfield code="d">346316</subfield>
  </datafield>
</record>
